| 000 | 01313nam0a2200361 4500 | ||
|---|---|---|---|
| 001 | RU\NLR\BIBL_A\010711996 | ||
| 005 | 20260406125222.0 | ||
| 010 |
_a978-5-699-78780-7 _93000 |
||
| 021 |
_aRU _b2015-9599 _9590 |
||
| 035 | _a(NILC)RuMoRGB-007865596 | ||
| 035 | _a(NLR Aleph) 010711996 | ||
| 090 |
_a9776475 _c9776475 |
||
| 100 | _a20150401d2015 |||y0rusy50 ca | ||
| 101 | 1 |
_arus _cger |
|
| 102 | _aRU | ||
| 105 | _aac||z|||000ay | ||
| 200 | 1 |
_aФауст _fИоганн Вольфганг Гёте _g[пер. с нем. Б. Л. Пастернака, Н. Г. Касаткиной] |
|
| 210 |
_aМосква _cЭксмо _d2015 |
||
| 215 |
_a637, [2] с. _cил., портр. _d21 |
||
| 225 | 1 | _aЗарубежная классика | |
| 327 | 1 | _aСодерж.: Страдания юного Вертера: роман; Фауст: трагедия | |
| 333 | _a16+ | ||
| 686 | 1 | _aШ6(4Г)57-4(Лх1356.1-45) | |
| 700 | 1 |
_7ca _8rus _aГете _bИ. В. _f1749-1832 _gИоганн Вольфганг _9111380 _3RU\NLR\AUTH\771353 |
|
| 801 | 0 |
_aRU _bRuMoRKP _c20120423 _gRCR |
|
| 801 | 2 |
_aRU _bРГБ _c20150211 _grcr |
|
| 801 | 1 |
_aRU _bRuMoRKP _c20120423 _2rusmarc |
|
| 942 | _cBOOK | ||
| 980 | _aNBR | ||
| 980 | _aNB | ||